The Council Tax (Chargeable Dwellings, Exempt Dwellings and Discount Disregards) (Amendment) (England) Order 2003 (Record no. 103325)

MARC details
000 -LEADER
fixed length control field 01841cam a2200265 4500
008 - FIXED-LENGTH DATA ELEMENTS--GENERAL INFORMATION
fixed length control field 040202n2003 000 0 eng u
020 ## - INTERNATIONAL STANDARD BOOK NUMBER
International Standard Book Number 0110482573
035 ## - SYSTEM CONTROL NUMBER
System control number (Sirsi) u124978
041 ## - LANGUAGE CODE
Language code of text/sound track or separate title eng
245 #4 - TITLE STATEMENT
Title The Council Tax (Chargeable Dwellings, Exempt Dwellings and Discount Disregards) (Amendment) (England) Order 2003
260 ## - PUBLICATION, DISTRIBUTION, ETC.
Place of publication, distribution, etc. London
Name of publisher, distributor, etc. HMSO
Date of publication, distribution, etc. 2003
490 ## - SERIES STATEMENT
Series statement SI
Volume/sequential designation 2003: 3121
520 ## - SUMMARY, ETC.
Summary, etc. Came into force 1 January 2004. Inserts a new Art 3A into the Council Tax (Chargeable Dwellings) Order 1992 which will ensure that a care home shall be treated as comprising of the number of units found by adding one to the number of self-contained units occupied by or currently unoccupied provided for the purpose of accommodation of the person registered in accordance with the Care Standards Act 2000 Part II. Substitutes a new Class I into the Council Tax (Exempt Dwellings) Order 1992 to take into account provisions in the Care Standards Act 2000 and the Regulation of Care (Scotland) Act 2001. A new Art 6 is substituted into the Council Tax (Discount Regards) Order 1992 following amendments made by the Care Standards Act 2000 to the Local Government Finance Act 1992 Sched 1 para 7. See Explanatory Note for full details. View at www.legislation.hmso.gov.uk/si.
650 ## - SUBJECT ADDED ENTRY--TOPICAL TERM
Topical term or geographic name entry element COUNCIL TAX
650 ## - SUBJECT ADDED ENTRY--TOPICAL TERM
Topical term or geographic name entry element COUNCIL TAX (CHARGEABLE DWELLINGS) ORDER 1992
650 ## - SUBJECT ADDED ENTRY--TOPICAL TERM
Topical term or geographic name entry element COUNCIL TAX (EXEMPT DWELLINGS) ORDER 1992
650 ## - SUBJECT ADDED ENTRY--TOPICAL TERM
Topical term or geographic name entry element CARE STANDARDS ACT 2000
650 ## - SUBJECT ADDED ENTRY--TOPICAL TERM
Topical term or geographic name entry element REGULATION OF CARE (SCOTLAND) ACT 2001
650 ## - SUBJECT ADDED ENTRY--TOPICAL TERM
Topical term or geographic name entry element COUNCIL TAX (DISCOUNT REGARDS) ORDER 1992
650 ## - SUBJECT ADDED ENTRY--TOPICAL TERM
Topical term or geographic name entry element LOCAL GOVERNMENT FINANCE ACT 1992
650 ## - SUBJECT ADDED ENTRY--TOPICAL TERM
Topical term or geographic name entry element LOCAL GOVERNMENT ACT 2000
690 ## - LOCAL SUBJECT ADDED ENTRY--TOPICAL TERM (OCLC, RLIN)
Topical term or geographic name as entry element RATING AND LOCAL TAXATION
856 ## - ELECTRONIC LOCATION AND ACCESS
Uniform Resource Identifier <a href="https://www.legislation.hmso.gov.uk/si/si2003/20033121.htm">https://www.legislation.hmso.gov.uk/si/si2003/20033121.htm</a>
Public note View the Order on the HMSO website...
942 ## - ADDED ENTRY ELEMENTS (KOHA)
Suppress in OPAC 0
Holdings
Withdrawn status Lost status Source of classification or shelving scheme Damaged status Not for loan Home library Current library Shelving location Date acquired Total Checkouts Full call number Barcode Date last seen Copy number Price effective from Koha item type
    Dewey Decimal Classification     Virtual Virtual Online 02/02/2004   ONLINE PUBLICATION 124978-2001 06/08/2019 1 06/08/2019 Book